Principios de enzimología / (Record no. 111335)

MARC details
000 -LEADER
campo de control de longitud fija 00685nam a2200205 4500
001 - NÚMERO DE CONTROL
campo de control 111335
003 - IDENTIFICADOR DE NÚMERO DE CONTROL
campo de control ES-MaACL
005 - FECHA Y HORA DE LA ÚLTIMA TRANSACCIÓN
campo de control 20230906185302.0
007 - CAMPO FIJO DE DESCRIPCIÓN FÍSICA--INFORMACIÓN GENERAL
campo de control de longitud fija t|
008 - DATOS DE LONGITUD FIJA--INFORMACIÓN GENERAL
campo de control de longitud fija 061121s1967 sp r ||||1| spa d
100 1# - ENTRADA PRINCIPAL--NOMBRE DE PERSONA
Nombre de persona Neilands, J. B.
9 (RLIN) 85336
245 10 - MENCIÓN DEL TÍTULO
Título Principios de enzimología /
Mención de responsabilidad, etc. J. B. Neilands y Paul K. Stumpfs ; versión... de Carlos Villar Palasí... y Juan Villar Palasí.
260 ## - PUBLICACIÓN, DISTRIBUCIÓN, ETC.
Lugar de publicación, distribución, etc. Madrid :
Nombre del editor, distribuidor, etc. Aguilar,
Fecha de publicación, distribución, etc. 1967.
300 ## - DESCRIPCIÓN FÍSICA
Extensión XVI, 437 p., 3 lám. ;
Dimensiones 22 cm.
650 #4 - PUNTO DE ACCESO ADICIONAL DE MATERIA--TÉRMINO DE MATERIA
Término de materia o nombre geográfico como elemento de entrada Enzimología.
9 (RLIN) 150224
700 1# - ENTRADA AGREGADA--NOMBRE PERSONAL
Nombre de persona Stumpf, Paul K.
9 (RLIN) 108503
700 1# - ENTRADA AGREGADA--NOMBRE PERSONAL
Nombre de persona Villar Palasí, Carlos.
9 (RLIN) 115096
700 1# - ENTRADA AGREGADA--NOMBRE PERSONAL
Nombre de persona Villar Palasí, Juan.
9 (RLIN) 115098
852 ## - LOCALIZACIÓN
Ubicación ES-MaACL
Número de control de estantería G-5581
Sublocalización o colección R.65330
Holdings
Estatus retirado Estado de pérdida Estado de daño No para préstamo Biblioteca de origen Biblioteca actual Ubicación en estantería Fecha de adquisición Fuente de adquisición Total de préstamos Signatura topográfica completa Código de barras Visto por última vez Precio de reemplazo Tipo de ítem Koha
        Biblioteca del Ateneo de Madrid Biblioteca del Ateneo de Madrid Depósito 2 17/01/2008     G-5581 1116154 23/02/2023 23/02/2023 Libro impreso